Quizzes
Events
Quiz Creation
Community
Videos
Private Events
Remove Ads
Sign In
Join for FREE
Feedback
Dark Mode
Quiz Categories
Sports
Geography
Music
Movies
Television
Just For Fun
Miscellaneous
History
Literature
Language
Science
Gaming
Entertainment
Religion
Holiday
For Kids
Quiz Lab
Recent
Popular Today
Quiz Kudos Today
Editor Picks
Curator Picks
Quizzes by...
Day
Popularity
Type
Ratings
Length
Year
Community
Subscriptions
Recent Discussions
Orange Saloon
Badges
Playlists
Quests
Create
Leaderboards
Showdown
Live 5
Trivia Bingo
Activity
Puzzle Library
Sporcle Events
Private Events
Virtual Trivia
Globe League
Become a Host
Pub Owners
SporcleCon
Opinionation
Our Games
Videos
Blog
Mobile Apps
Partnerships
Remove Ads and Go Orange
Feedback
Gaming
Video Games
Board Games
Card Games
Pokémon
Mario
Nintendo
Minecraft
Console
Toys
Legend of Zelda
Gaming
Video Games
Board Games
Card Games
Pokémon
Mario
Nintendo
Minecraft
Console
Toys
Legend of Zelda
Random Quiz
Search Sporcle
×
Quiz Lab
Quiz Lab
Gaming
Landmarks
Type in answers that appear in a list
Type in answers that appear in a list
Classic
Best Score? Go Orange.
Wild Pokémon in Unova Stats
Can you name the wild Pokémon you can run into at these landmark locations in the Unova region?
By
GeneralSecura
15m
262 Questions
242 Plays
242 Plays
242 Plays
Comments
Comments
Give Quiz Kudos
Give Quiz Kudos
-
- Ratings
hide this ad
Replay
Link that replays current quiz
Next Quiz
Link to next quiz in quiz playlist
You Got
0%
They Got
Avg Score
68%
Avg Friend Score
Upgrade to see
Score Distribution
Jump to the score distribution portion of the page
Score
0/262
Timer
15:00
0
Plays Today
Location
Pokémon
% Correct
Chargestone Cave
Boldore
95.9%
Mistralton Cave
Boldore
95.9%
Twist Mountain
Boldore
95.9%
Victory Road
Boldore
95.9%
Giant Chasm
Boldore
95.9%
Challenger's Cave
Boldore
95.9%
Desert Resort
Sandile
95%
Relic Castle
Sandile
95%
Dreamyard
Munna
93.4%
Chargestone Cave
Joltik
92.6%
Cold Storage
Vanillite
92.6%
Pinwheel Forest
Pansage
92.6%
Pinwheel Forest
Pansear
92.6%
Pinwheel Forest
Panpour
92.6%
Lostlorn Forest
Pansage
92.6%
Lostlorn Forest
Pansear
92.6%
Lostlorn Forest
Panpour
92.6%
Chargestone Cave
Tynamo
91.3%
Celestial Tower
Litwick
91.3%
Pinwheel Forest
Sewaddle
91.3%
Wellspring Cave
Roggenrola
91.3%
Desert Resort
Darumaka
90.9%
Cold Storage
Herdier
90.9%
P2 Laboratory
Herdier
90.9%
Desert Resort
Maractus
90.5%
Pinwheel Forest
Venipede
89.7%
Lostlorn Forest
Venipede
89.7%
Chargestone Cave
Klink
89.3%
P2 Laboratory
Klink
89.3%
Chargestone Cave
Drilbur
88.8%
Mistralton Cave
Drilbur
88.8%
Twist Mountain
Drilbur
88.8%
Wellspring Cave
Drilbur
88.8%
Dragonspiral Tower
Druddigon
88.4%
Mistralton Cave
Woobat
88.4%
Twist Mountain
Woobat
88.4%
Victory Road
Woobat
88.4%
Challenger's Cave
Woobat
88.4%
Wellspring Cave
Woobat
88.4%
Moor of Icirrus
Palpitoad
88%
Pinwheel Forest
Swadloon
88%
Relic Castle
Krokorok
88%
Lostlorn Forest
Swadloon
88%
Desert Resort
Sigilyph
87.6%
Dragonspiral Tower
Cubchoo
87.6%
Twist Mountain
Cubchoo
87.6%
Chargestone Cave
Ferroseed
87.2%
Pinwheel Forest
Whirlipede
87.2%
Desert Resort
Scraggy
86.8%
P2 Laboratory
Scraggy
86.8%
Mistralton Cave
Axew
86.4%
Dreamyard
Musharna
86.4%
Relic Castle
Yamask
86.4%
Dragonspiral Tower
Basculin
85.5%
Pinwheel Forest
Basculin
85.5%
Victory Road
Basculin
85.5%
Giant Chasm
Basculin
85.5%
Challenger's Cave
Basculin
85.5%
Abundant Shrine
Basculin
85.5%
Lostlorn Forest
Basculin
85.5%
Wellspring Cave
Basculin
85.5%
Cold Storage
Timburr
84.7%
Celestial Tower
Elgyem
84.7%
Pinwheel Forest
Timburr
84.7%
Cold Storage
Audino
84.3%
Dragonspiral Tower
Audino
84.3%
Dreamyard
Patrat
84.3%
Dreamyard
Audino
84.3%
Pinwheel Forest
Audino
84.3%
Giant Chasm
Audino
84.3%
Abundant Shrine
Audino
84.3%
Lostlorn Forest
Audino
84.3%
Victory Road
Deino
83.5%
Victory Road
Excadrill
83.5%
Giant Chasm
Excadrill
83.5%
Challenger's Cave
Excadrill
83.5%
Pinwheel Forest
Tympole
83.1%
Twist Mountain
Gurdurr
83.1%
Twist Mountain
Cryogonal
83.1%
P2 Laboratory
Frillish
83.1%
Dragonspiral Tower
Vanillish
82.6%
Dragonspiral Tower
Golett
82.2%
Dreamyard
Purrloin
81.4%
Dragonspiral Tower
Tranquill
80.2%
Pinwheel Forest
Tranquill
80.2%
Lostlorn Forest
Tranquill
80.2%
Desert Resort
Dwebble
79.8%
Dreamyard
Watchog
79.8%
Location
Pokémon
% Correct
Relic Castle
Cofagrigus
79.8%
P2 Laboratory
Watchog
79.8%
Desert Resort
Darmanitan
79.3%
Moor of Icirrus
Stunfisk
79.3%
Dragonspiral Tower
Beartic
79.3%
Pinwheel Forest
Pidove
79.3%
Pinwheel Forest
Virizion
79.3%
Mistralton Cave
Cobalion
78.9%
P2 Laboratory
Jellicent
78.9%
Pinwheel Forest
Throh
78.5%
Pinwheel Forest
Sawk
78.5%
Cold Storage
Stoutland
78.1%
Pinwheel Forest
Cottonee
77.7%
Pinwheel Forest
Petilil
77.7%
Victory Road
Heatmor
77.7%
Abundant Shrine
Cottonee
77.7%
Abundant Shrine
Petilil
77.7%
Lostlorn Forest
Cottonee
77.7%
Lostlorn Forest
Petilil
77.7%
Dragonspiral Tower
Mienfoo
77.3%
Victory Road
Mienfoo
77.3%
Victory Road
Durant
76.9%
Victory Road
Terrakion
76.9%
Dreamyard
Liepard
76.4%
Lostlorn Forest
Leavanny
76%
Dragonspiral Tower
Deerling
75.6%
Relic Castle
Volcarona
75.6%
Giant Chasm
Kyurem
75.2%
Victory Road
Rufflet
74.8%
Dragonspiral Tower
Unfezant
74.4%
Lostlorn Forest
Unfezant
74.4%
P2 Laboratory
Alomomola
74.4%
Moor of Icirrus
Shelmet
73.1%
Pinwheel Forest
Whimsicott
73.1%
Pinwheel Forest
Lilligant
73.1%
Victory Road
Vullaby
73.1%
Abundant Shrine
Whimsicott
73.1%
Abundant Shrine
Lilligant
73.1%
Lostlorn Forest
Whimsicott
73.1%
Lostlorn Forest
Lilligant
73.1%
Dragonspiral Tower
Emolga
72.3%
Giant Chasm
Emolga
72.3%
Abundant Shrine
Emolga
72.3%
Lostlorn Forest
Emolga
72.3%
Victory Road
Fraxure
71.9%
Dragonspiral Tower
Sawsbuck
71.5%
Moor of Icirrus
Seismitoad
70.7%
Abundant Shrine
Landorus
69.4%
Giant Chasm
Clefairy
68.6%
Dragonspiral Tower
Dratini
67.8%
Cold Storage
Minccino
66.9%
Dragonspiral Tower
Dragonair
65.3%
Giant Chasm
Metang
64.9%
Dragonspiral Tower
Dragonite
62.8%
Relic Castle
Onix
62.8%
Challenger's Cave
Riolu
62.4%
Lostlorn Forest
Zoroark
62.4%
Cold Storage
Cinccino
62%
Giant Chasm
Metagross
62%
Giant Chasm
Clefable
61.2%
Undella Bay
Wailmer
60.7%
Victory Road
Poliwag
60.3%
Victory Road
Poliwhirl
60.3%
Giant Chasm
Golbat
60.3%
Giant Chasm
Poliwag
60.3%
Giant Chasm
Poliwhirl
60.3%
Challenger's Cave
Poliwag
60.3%
Challenger's Cave
Poliwhirl
60.3%
Abundant Shrine
Vulpix
60.3%
Wellspring Cave
Poliwag
60.3%
Wellspring Cave
Poliwhirl
60.3%
Undella Bay
Wailord
60.3%
Giant Chasm
Piloswine
59.5%
Pinwheel Forest
Goldeen
58.7%
Pinwheel Forest
Seaking
58.7%
Abundant Shrine
Goldeen
58.7%
Abundant Shrine
Seaking
58.7%
Lostlorn Forest
Goldeen
58.7%
Lostlorn Forest
Seaking
58.7%
White Forest
Pidgey
58.7%
White Forest
Magby
58.3%
White Forest
Elekid
57.4%
Victory Road
Poliwrath
57%
Giant Chasm
Sneasel
57%
Giant Chasm
Poliwrath
57%
Challenger's Cave
Poliwrath
57%
Wellspring Cave
Poliwrath
57%
White Forest
Magnemite
57%
Location
Pokémon
% Correct
Undella Bay
Spheal
56.2%
Giant Chasm
Seel
55.8%
Giant Chasm
Ditto
55.8%
Undella Bay
Mantine
55.4%
White Forest
Gastly
55.4%
Challenger's Cave
Graveler
55%
Undella Bay
Mantyke
54.5%
Undella Bay
Sealeo
54.5%
Giant Chasm
Dewgong
54.1%
P2 Laboratory
Horsea
54.1%
P2 Laboratory
Seadra
53.7%
White Forest
Oddish
53.3%
White Forest
Machop
53.3%
Abundant Shrine
Ninetales
52.9%
Undella Bay
Walrein
52.9%
Giant Chasm
Mamoswine
52.5%
White Forest
Abra
52.5%
Giant Chasm
Jynx
52.1%
Abundant Shrine
Slowpoke
52.1%
Giant Chasm
Solrock
51.7%
Abundant Shrine
Slowbro
51.7%
Undella Bay
Shellder
51.7%
White Forest
Bagon
51.7%
Giant Chasm
Lunatone
51.2%
P2 Laboratory
Kingdra
51.2%
Dreamyard
Raticate
50.8%
Relic Castle
Sandslash
50.8%
Giant Chasm
Crobat
50.8%
Abundant Shrine
Murkrow
50.8%
Undella Bay
Cloyster
50.8%
White Forest
Togepi
50.4%
White Forest
Trapinch
50.4%
Relic Castle
Claydol
50%
Dreamyard
Ariados
49.6%
Giant Chasm
Tangela
49.6%
Abundant Shrine
Misdreavus
49.2%
Challenger's Cave
Lickitung
48.8%
Abundant Shrine
Slowking
48.3%
Abundant Shrine
Honchkrow
47.9%
White Forest
Bellsprout
47.9%
White Forest
Mareep
47.9%
Dreamyard
Ledian
47.5%
Abundant Shrine
Mismagius
47.5%
Undella Bay
Wingull
47.5%
Moor of Icirrus
Barboach
47.1%
Undella Bay
Pelipper
47.1%
White Forest
Rhyhorn
47.1%
White Forest
Wurmple
47.1%
White Forest
Ralts
46.7%
Moor of Icirrus
Whiscash
46.3%
White Forest
Aron
45.9%
Giant Chasm
Absol
45.5%
Challenger's Cave
Mawile
45.5%
Abundant Shrine
Bronzong
45.5%
Undella Bay
Remoraid
45.5%
White Forest
Starly
45.5%
Challenger's Cave
Sableye
45%
White Forest
Lotad
45%
Undella Bay
Octillery
44.6%
White Forest
Azurill
44.6%
Giant Chasm
Delibird
44.2%
White Forest
Happiny
44.2%
Undella Bay
Luvdisc
43.8%
Giant Chasm
Tangrowth
43.4%
White Forest
Slakoth
43.4%
White Forest
Nidoran F
43%
White Forest
Nidoran M
43%
White Forest
Budew
43%
White Forest
Corphish
42.6%
P2 Laboratory
Finneon
41.7%
White Forest
Seedot
41.7%
Dreamyard
Kricketune
40.9%
P2 Laboratory
Lumineon
40.5%
White Forest
Shinx
40.5%
Giant Chasm
Drifblim
39.7%
White Forest
Porygon
38.8%
White Forest
Wooper
38.8%
Giant Chasm
Swellow
38.4%
Dreamyard
Venomoth
37.2%
White Forest
Surskit
37.2%
Abundant Shrine
Chimecho
35.5%
White Forest
Hoppip
35.5%
White Forest
Whismur
35.5%
Abundant Shrine
Stantler
35.1%
P2 Laboratory
Qwilfish
35.1%
Abundant Shrine
Noctowl
33.9%
Quiz Playlist
Details
Report
Send in Message
Add To Playlist
Classic:
Type in answers that appear in a list
Last Updated: Feb 16, 2017
Quiz Scoreboard
CHALLENGE
Sign Up to Join the Scoreboard
Show All
Scores
Hide
Comments
May contain spoilers
Recently Published
College Basketball Coaching Resumes
by pancakes188
Sports
9m
Billboard Blitz: Fleetwood Mac
by CooCooCachoo
Music
15s
Presidents Visiting Landmarks
by Hejman
History
7m
More to Explore
Quiz From the Vault
Featured Blog Post
Where Did the Easter Bunny Come From?
hide this ad
You Might Also Like...
Tags
Landmarks Quiz
Pokémon Quiz
location
region
run
Wild
Today's Top Quizzes in Gaming
Browse Gaming
hide this ad
Today's Top Quizzes in Landmarks
Browse Landmarks
Top Contributed Quizzes in Gaming
1
5-to-1: Consoles
2
7-to-1: Board Game Piece Blitz
3
5-to-1: Legend of Zelda
4
Destiny 2 exotic weapons by perk icons
5
League of Legends Pro Players by Career/Team History
6
Ultimate Genshin Impact Logic Puzzle (up to 4.3)
7
Franchise by Action Figure
8
Who's on the WWE 2K24 Cover?
9
Genshin Impact Logic Puzzle Quiz
10
Overwatch Logic Puzzle
Explore More
Trending Topics
Harry Potter
Anime
Marvel
NBA
Disney
Kpop
Crossword
Country
Pokémon
WWE
NFL
Soccer
Song
Puzzle
The Office
hide this ad
More By:
GeneralSecura
Quiz
Plays
Rating
Category
Featured
Created
Ben 10 Alien Species Match
5,971
4.71
Television
Feb 4, 2013
Marvel VS Capcom Characters
4,344
4.73
Gaming
Aug 22, 2011
Pokémon Characters
2,641
4.25
Gaming
Sep 30, 2013
Pokémon of Gym Leaders (Stadium Edition)
2,076
4.71
Gaming
Nov 1, 2011
Name that Digimon
1,818
3.00
Gaming
Mar 19, 2019
Go to Creator's Profile
Score Distribution
Quiz Creator Spotlight
GeneralSecura
Follow
Send a Message
Quizzes Created
-
Created Quiz Play Count
-
More By This Creator
Popular Quizzes Today
1
Find the US States - No Outlines Minefield
2
Find the Countries of Europe - No Outlines Minefield
3
The Countries of the World
4
Find the US States
5
Risky Map Clicking: Biggest States A-Z
6
US States
7
Popular People in 1961
8
Movies - When Are They Set?
More Gaming Quizzes
December First Generation Pokémon
Quiz Lab
Trending Quizzes
Risky Map Clicking: Least Populous States A-Z
1-10 Letter G Words
1-10 Letter F Words
Risky Map Clicking: Next State Alphabetically
Risky Map Clicking: Biggest States A-Z
Recently Updated
Leaping Animals
pecheneg
Reality TV Shows (A-Z)
bhenderson79
Rickey Henderson's Hall of Fame Teammates
pecheneg
Champions League XIs: Arsenal
pecheneg
Quick Pick: Celebrities in WWE's Hall of Fame
aduchscher
A-Z Keypad Blitz II
pecheneg
Multiple Oscar Actors
pecheneg
Mystery Phrase Blitz: Oscar 'Best Actors'
pecheneg
F. Scott Fitzgerald Novels
LTH
Pick 3 Villains
ddd62291
Trending Topics
Crossword
NBA
Harry Potter
Kpop
Marvel
Disney
Anime
WWE
Pokémon
The Office
Soccer
Country
NFL
Puzzle
Song
Your Account Isn't Verified!
In order to create a playlist on Sporcle, you need to verify the email address you used during registration. Go to your
Sporcle Settings
to finish the process.
Report this User
Report this user for behavior that violates our
Community Guidelines
.
Details:
Send Report
Go to the Sporcle.com Mobile Site →
Comments